000
00352cam a2200157ua 4500
001
460
008
141211n II |||gr||||Z||||||eng
040
_a
MAIN
041
_a
English
082
_a
920 PHI
100
_a
XXX.
245
_a
THE PHILOSOPHY OF RABINDRA NATH TAGORE
300
_c
20CM.
653
_a
Biography, genealogy & insignia
942
_c
BK
999
_c
460
_d
460